| 000 | 00815nam a22002177a 4500 | ||
|---|---|---|---|
| 003 | BUBTL | ||
| 008 | 230109b ||||| |||| 00| 0 eng d | ||
| 020 | _a9789848815670 | ||
| 082 | _a150/ K5275m/ 2010 | ||
| 100 |
_95153 _aখানম, মেহতাব |
||
| 245 |
_aমন ও মানসিকতা / _cমেহতাব খানম |
||
| 250 | _a2nd Edn | ||
| 260 |
_aঢাকা: _bদি ইউনিভার্সিটি প্রেস, _cc2010 |
||
| 300 |
_axii, 264 p.: _c21.5 cm. |
||
| 505 | _aমন ও মানসিকতা, মেহতাব খানম, মনোবিজ্ঞান, Psychology | ||
| 650 | 0 |
_95154 _aমনোবিজ্ঞান |
|
| 650 | 0 |
_93667 _aPsychology |
|
| 856 |
_k0 _l0 _yDownload |
||
| 942 |
_2ddc _cBK |
||
| 999 |
_c6909 _d6909 |
||